Ideology Quiz - Statistics

General Stats
  • This quiz has been taken 150 times
  • The average score is 8 of 15
Answer Stats
Hint Answer % Correct
Individual rights and Freedom prioritised Liberalism
81%
Private ownership drives free markets Capitalism
77%
Classless society with collective ownership, being called as the final stage of ideology evolution Communism
75%
Public control over production and resources, but allowed private properties Socialism
69%
A type of the previous ideology where Anti-semitism and genocide of “unpure” are practiced Nazism
68%
Ultra-Nationalist authoritarian with state control Fascism
63%
Maximum individual freedom, minimal state intervention Libertarianism
57%
The previous ideology achieved by democratic means Democratic Socialism
55%
Rule by a privileged elite Aristocracy
43%
Balanced moderate political approach Centrism
41%
No government, voluntary cooperation Anarchy
33%
Extreme totalitarian regime, perpetual war, War is Peace, Freedom is Slavery, Ignorance is Strength INGSOC
30%
Survival of the fittest in society Social Darwinism
24%
Community-based collective living. Nothing can be privatised, not even your toothbrush Communalism
20%
Rule by thieves and corrpution Kleptocracy
17%
No matching quizzes found
Score Distribution
Percent of People with Each Score
Percentile by Number Answered
Your Score History
You have not taken this quiz